San Manuel Bueno, Mártir, y tres historias más

Shranjeno v:
Bibliografske podrobnosti
Glavni avtor: Unamuno, Miguel de
Format: Knjiga
Jezik:Undetermined
Izdano: Madrid, España Espasa-Calpe 1976
Izdaja:10
Teme:
Oznake: Označite
Brez oznak, prvi označite!

MARC

LEADER 00000nam a2200000Ia 4500
008 170316s9999 xx 000 0 und d
040 |a cru BVZT 
090 |a 862 U-2s 
100 |a Unamuno, Miguel de 
245 |a San Manuel Bueno, Mártir, y tres historias más 
250 |a 10 
260 |a Madrid, España 
260 |b Espasa-Calpe 
260 |c 1976 
300 |a 160 páginas 
650 |a LITERATURA ESPAÑOLA 
650 |a NOVELAS CORTAS 
999 |c 10485  |d 10485 
942 |c 15 D  |h 862 U-2s  |2 z